Slovensko na ceste k obehovému hospodárstvu: analýza právnej úpravy
Guardado en:
| Autor principal: | |
|---|---|
| Formato: | Capítulo de libro |
| Lenguaje: | eslovaco |
| Etiquetas: |
Sin Etiquetas, Sea el primero en etiquetar este registro!
|
MARC
| LEADER | 00000naa a2200000 4500 | ||
|---|---|---|---|
| 001 | 0311739 | ||
| 005 | 20250730092644.5 | ||
| 041 | 0 | |a slo | |
| 044 | |a SK | ||
| 245 | 1 | 0 | |a Slovensko na ceste k obehovému hospodárstvu: analýza právnej úpravy |c Jana Skýpalová |
| 100 | 1 | |a Skýpalová, Jana, 1988- | |